Cities in the world with 5M population During 2020 - Statistics

General Stats
  • This quiz has been taken 4 times
  • The average score is 51 of 52
Answer Stats
Country City % Correct
Egypt Alexandria
100%
Iraq Baghdad
100%
Thailand Bangkok
100%
China Beijing
100%
India Bengaluru
100%
Colombia Bogota
100%
Egypt Cairo
100%
China Chengdu
100%
India Chennai
100%
Tanzania Dar Es Salaam
100%
India Delhi
100%
Bangladesh Dhaka
100%
China Guangzhou
100%
Vietnam Hanoi
100%
China Harbin
100%
Vietnam Ho Chi Minh City
100%
China Hong Kong
100%
India Hyderabad
100%
Turkiye Istanbul
100%
Indonesia Jakarta
100%
South Africa Johannesburg
100%
Pakistan Karachi
100%
Drc Kinshasa
100%
India Kolkata
100%
Nigeria Lagos
100%
Pakistan Lahore
100%
Peru Lima
100%
Uk London
100%
Angola Luanda
100%
Mexico Mexico city
100%
India Mumbai
100%
Kenya Nairobi
100%
China Nanjing
100%
China Qingdao
100%
Brazil Rio De Janeiro
100%
Chile Santiago
100%
Brazil Sao Paulo
100%
South Korea Seoul
100%
China Shanghai
100%
China Shenzhen
100%
Russia St Petersburg
100%
Iran Tehran
100%
China Tianjin
100%
Japan Tokyo
100%
China Wuhan
100%
China Xiän
100%
Myanmar Yangon
100%
India Ahmedabad
75%
China Hangzhou
75%
Usa New York
75%
China Shenyang
75%
China Changsha
50%
No matching quizzes found
Score Distribution
Percent of People with Each Score
Percentile by Number Answered
Your Score History
You have not taken this quiz